[Event "Najdorf Memorial Great fin"]
[Site "Buenos Aires"]
[Date "2000.09.14"]
[Round "3.2"]
[White "Pierrot, Juan Facundo"]
[Black "Larsen, Bent"]
[Result "1-0"]
[WhiteElo "2423"]
[BlackElo "2500"]
[Annotator "Tsesarsky,I"]
[PlyCount "159"]
[EventDate "2000.09.09"]
[EventType "k.o."]
[EventRounds "4"]
[EventCountry "ARG"]
[SourceTitle "CBM 079"]
[Source "ChessBase"]
[SourceDate "2000.11.21"]
[SourceVersion "1"]
[SourceVersionDate "2000.11.21"]
[SourceQuality "1"]

1. e4 c5 2. Nf3 Nc6 3. d4 cxd4 4. Nxd4 g6 5. c4 Nf6 6. Nc3 d6 7. Be2 Bg7 8. Be3
O-O 9. O-O Bd7 10. Qd2 Nxd4 11. Bxd4 Bc6 12. f3 a5 13. b3 Nd7 14. Be3 Nc5 15.
Rab1 Qb6 16. Rfc1 Rfc8 17. Bd1 {White prepares a2-a3 and b3-b4, but this plan
in my opinion (and in B. Alterman opinion!) is not the best in this position.
White can play} (17. Rc2 $14 {-mainline.}) (17. Nd5 $14) (17. Nb5 $5 $14) 17...
Qb4 $5 {This natural and strong move is novelty!} ({In another games everybody
played} 17... Qd8 18. a3 Nd7 (18... b6 19. b4 axb4 20. axb4 Nd7 21. Be2 {
- see comments to the game  1-0 Van Wely,L-Reinderman,D/Wijk aan Zee 1999/CBM
69/[Alterman,B] (57)} (21. Nd5 e6 22. Nf4 Ne5 $11 (22... Qf8 $6 23. Ne2 Be5 24.
Nd4 Bb7 25. Nb5 Rd8 26. Bg5 Rdb8 27. f4 $16 {0-1 Farkas,T-Paschall,W/Szeged
HUN 1998/ (39)}))) (18... h5 19. b4 axb4 20. axb4 Na4 21. Nd5 Bxd5 22. exd5 $14
{1-0 Hamelink,D-Stojanovic,N/Aviles ESP 2000/The Week in Chess 303 (34)}) 19.
Be2 Be5 20. Bf1 Nc5 21. b4 axb4 22. axb4 Na4 23. Ne2 Bd7 24. Nd4 Qc7 25. Qf2
$14 {0-1 Hendriks,W-Reinderman,D/Hoogeveen NED 1999/ (46)}) 18. Nd5 $6 $11 {
After QQ change Black equalize.} (18. Qb2 $2 Nd3 $17) (18. Rc2 $1 e6 (18...
Bxc3 $6 19. Qxc3 Nxe4 20. fxe4 Bxe4 21. Rbb2 Bxc2 22. Qxb4 axb4 23. Bxc2 Rc6
24. Bb1 $14) 19. Be2 Be5 20. Qc1 {White wants to expel Q from b4} Qb6 $8 {
Black Q had to leave b4 square...} (20... Rd8 $2 21. a3 Qb6 22. b4 $18 {
[%csl Rc5][%cal Ge3b6]}) 21. Kh1 $1 (21. Nb5 $6 Bxb5 22. cxb5 Bf4 $1 23. Bc4 (
23. Bxf4 Nxb3+ 24. Qe3 Qxe3+ 25. Bxe3 Rxc2 26. Bd1 Nd4 27. Bxd4 Rxa2 28. Bb2 a4
29. Kf1 $15) 23... Bxe3+ 24. Qxe3 Nd7 $11) 21... Qd8 22. Bg5 $14 {[%cal Gc3b5]
Note: White doesn't realize PP promotion plan on the queenside.}) 18... Bxd5
19. cxd5 (19. exd5 Qxd2 20. Bxd2 Nd3 21. Rc2 Nb4 22. Bxb4 axb4 $11) 19... Qxd2
({Good was} 19... Bd4 $5 20. Kf1 (20. Qxd4 $4 Qe1#) 20... Bxe3 21. Qxe3 Qa3
$132) 20. Bxd2 Nd3 21. Rxc8+ Rxc8 22. Kf1 (22. Bxa5 $6 Bd4+ 23. Kf1 Ra8 24. b4
b6 25. Bc2 Nf4 26. Bxb6 Bxb6 27. a4 Rc8 $15) 22... Bc3 $5 23. Ke2 Bxd2 24. Kxd2
Nc5 {[%mdl 4096] This position is equal but not drawn!} 25. a3 Kf8 (25... Na6
26. Be2 Nc5 27. b4 axb4 28. axb4 $14) (25... Kg7 26. b4 axb4 27. axb4 Nd7 $132)
26. b4 axb4 27. axb4 Nd7 28. Bb3 (28. Be2 $132) 28... g5 29. Ra1 Ne5 30. Ra7
Rb8 31. Ke3 Ke8 32. g3 Kd7 33. Bd1 (33. h4 gxh4 34. gxh4 Kc7 35. f4 Rg8 36.
fxe5 Rg3+ 37. Kf4 Rxb3 38. exd6+ exd6 $11) 33... Kc7 34. f4 gxf4+ 35. gxf4 Nd7
36. Bh5 Rf8 37. Ra2 Nf6 38. Bf3 Rg8 39. e5 Nd7 40. Kd4 Rg1 (40... dxe5+ 41.
fxe5 Rg5 42. Re2 (42. d6+ exd6 43. exd6+ Kxd6 44. Bxb7 Rb5 45. Ra6+ Ke7 46. Bc6
Rxb4+ 47. Kc3 Rb6 $17) 42... Rf5 43. Rc2+ Kd8 44. Be4 Rxe5 45. Bxh7 $11) 41.
Rc2+ (41. e6 fxe6 42. dxe6 Nf6 43. Ra7 d5 $132) 41... Kb6 42. exd6 exd6 43. Bh5
$6 $15 (43. h4 $11) 43... f5 $6 $11 (43... Rf1 $5 44. Ke3 f5 45. Be2 Rb1 46.
Rc4 (46. Bd3 Nf6 47. Bxf5 Nxd5+ 48. Ke4 Nf6+ $17 {[%csl Rb4]}) 46... Nf6 47.
Bf3 Rb3+ 48. Kf2 Rb2+ 49. Kg3 (49. Ke3 Rxh2 $17) 49... Rd2 50. Rc8 Nxd5 51.
Bxd5 Rxd5 52. Rh8 Rd4 53. Rxh7 Rxb4 $15) 44. Rc8 $2 $17 ({It was necessary to
improve B position:} 44. Be2 {[%cal Ge2d3]} Nf6 45. Bd3 Rd1 46. Rc3 $11 {
[%csl Rf5]}) 44... Rb1 45. Rc4 Rb3 46. Be2 {too late!} Rh3 47. Bd3 Rf3 48. Kc3
(48. Be2 Rxf4+ 49. Ke3 Rxc4 50. Bxc4 Ne5 51. Be2 Ng6 52. Bd3 f4+ 53. Ke4 Ne5
54. Bf1 f3 $17) 48... Nf6 49. Kd2 Rf2+ 50. Ke1 Rxh2 51. Bxf5 Rh5 $2 ({Instead
of d5 weakness attack better was} 51... h5 $1 {[%csl Re1,Gh5][%cal Gh5h1]
keeping White K on the first line.} 52. Be6 h4 53. Kf1 Kb5 54. Rc7 b6 55. Rc6
Ne4 56. Kg1 Rb2 57. Bf5 Rxb4 58. Kg2 (58. Bxe4 Rxe4 59. Rxd6 Rxf4 $17) 58...
Nf6 59. Rxd6 Nh5 $17) 52. Be6 Nxd5 53. Rd4 {[%csl Rd6]} Kc6 54. Rc4+ Kb5 55.
Rd4 Kc6 (55... Nxb4 56. Rxd6 Kc5 57. Rd7 Rh2 58. f5 b5 59. Kd1 $44 (59. f6 Rh6
$1 $17)) 56. Rc4+ Kb6 (56... Kb5 57. Rd4 $11) 57. Kf2 (57. Rd4 Nxf4 $1 $17)
57... Ne7 (57... Kb5 58. Rd4 Nxb4 59. Rxd6 $44) 58. Kg3 (58. Rd4 Kc7 (58... d5
59. f5 Nxf5 60. Rxd5 Ng7 61. Rd6+ Kb5 62. Bc8 $44) 59. Rc4+ Kd8 $44) 58... Rb5
(58... Nc6 59. f5 Kb5 60. f6 Nd8 (60... Rg5+ 61. Kh4 Re5 62. f7 Rxe6 63. Rxc6 (
63. f8=Q Kxc4 64. Qf7 Nd4 65. Qxb7 $44) 63... Rf6 64. Rc7 b6 65. Kg5 Rf1 66.
Rb7 d5 67. Kh6 d4 68. Kg7 $11) 61. Re4 Nxe6 62. Rxe6 Rf5 63. Rxd6 $11) 59. Bd7
Rd5 60. Re4 Rd3+ 61. Kg4 Nd5 62. Kf5 Re3 (62... Kc7 63. Be8 Re3 64. Rc4+ Kd8
65. Bf7 Nc7 66. Kf6 b5 67. Rd4 Kd7 68. f5 $44) 63. Rd4 (63. Rxe3 $2 Nxe3+ 64.
Ke4 Nc2 65. f5 Kc7 66. Be6 Nxb4 67. f6 Kd8 $17) 63... Kc7 (63... Ne7+ 64. Kf6
Kc7 65. Be6 Nc6 {[%csl Rb4]} 66. Rc4 b5 67. Rc1 Kb6 68. Rd1 {-like in this game
}) 64. Be6 Ne7+ 65. Kf6 Nc6 66. Rc4 b5 67. Rc1 Kb6 68. Rd1 Re4 (68... Nxb4 69.
Rxd6+ Kc5 70. Rd7 $44) 69. f5 Nd4 (69... Nxb4 70. Rxd6+ Kc5 71. Rd7 $44) 70.
Rh1 Nc6 71. Rd1 Nd4 72. Rh1 Nc2 (72... Nc6 $11) 73. Rd1 Rd4 $4 {[%mdl 16384]
fatal mistake...Larsen wanted to win at any cost...} (73... Nd4 $11) 74. Rxd4
Nxd4 75. Ke7 Kc7 76. f6 Nc6+ 77. Ke8 Nd8 78. Bd5 h5 79. f7 Nxf7 80. Kxf7 1-0

[Event "DEN-ch"]
[Site "Esbjerg"]
[Date "1997.03.28"]
[Round "7"]
[White "Nielsen, Peter Heine"]
[Black "Larsen, Bent"]
[Result "0-1"]
[WhiteElo "2525"]
[BlackElo "2520"]
[Annotator "Tsesarsky,I"]
[PlyCount "76"]
[EventDate "1997.03.22"]
[EventType "tourn"]
[EventRounds "9"]
[EventCountry "DEN"]
[EventCategory "10"]
[SourceTitle "CBM 060"]
[Source "ChessBase"]
[SourceDate "1997.09.29"]
[SourceVersion "1"]
[SourceVersionDate "1997.09.29"]
[SourceQuality "1"]

1. d4 {Petursson Baburin,A} Nf6 2. c4 c5 3. Nf3 cxd4 4. Nxd4 Nc6 5. Nc3 d6 6.
e4 g6 7. Be2 Nxd4 $2 (7... Bg7 $142 $1 8. Be3 O-O 9. O-O Bd7 10. Qd2 Nxd4 11.
Bxd4 Bc6 12. f3 a5 13. b3 Nd7 14. Be3 Nc5 15. Rab1 {The white R is still on f1
and not already on c1.} Qb6 16. Nb5 $5 (16. a3 $4 Nxb3 $19) (16. Rfc1 {normal
move} Rfc8 17. Rc2 (17. a3 $6 Nxb3 $1 18. Bxb6 Nxd2 19. Rb2 Nxc4 $1 20. Bxc4
Bd7 21. Bd5 Rxc3 22. Rxc3 Bxc3 23. Rb3)) 16... Rfc8 17. Rfd1 (17. Rfc1 Qd8 18.
Rc2 (18. Nd4 Qf8 19. Rd1 h5 20. a3 Bd7 21. b4 axb4 22. axb4 Ne6 23. Nb3 Ra3 24.
Qc1 Ra4 (24... Ra2 25. Rd2 Rca8 26. c5 dxc5 27. Bc4 Rxd2 28. Qxd2 Rd8 29. bxc5
$14) 25. Na5 b5 $1 (25... Nd8 $6 26. c5 Be6 27. Nc4 Ra2 28. Rd2 Rxd2 29. Qxd2
Bxc4 30. Bxc4 b6 31. c6 Nxc6 32. Bxb6 Nd4 (32... Rb8 33. Be3 Ne5 34. Be2 $16)
33. Bxf7+ Qxf7 34. Bxd4 Bxd4+ 35. Qxd4 Qa2 36. Ra1 $2 {Tsesarski-Afek/Hod
Harashon/1997/0-1/} (36. Qd5+ Qxd5 37. exd5 Kf7 38. b5 Rb8 39. b6 e6 40. dxe6+
Kxe6 41. g4 $16)) 26. c5 Nxc5 27. bxc5 (27. Bxc5 Rc7 $1 $15) 27... Rxa5 28. Qd2
Ra6 29. Bxb5 Bxb5 30. Rxb5 Rac6 31. cxd6 $11) 18... Qf8 19. Bf1 Be5 20. Nc3 b6
21. Nd5 Qd8 22. Bg5 Ra7 23. Bh4 Rb8 24. Re1 Bxd5 25. exd5 $14 {1/2-1/2
Kotronias,V-Petursson,M/Komotini GP 1993 (48)}) (17. a3 Qd8 18. Nc3 Qf8 19. Nd5
Bxd5 20. exd5 a4 21. b4 Nb3 22. Qe1 (22. Qd1 Bf6 (22... Rc7 23. Bb6) 23. Bd3 (
23. Rxb3 axb3 24. Qxb3 $44) 23... Qg7 24. Rf2 $14) 22... Bf6 23. Qf2 Qg7 24.
Bd3 Rc7 25. f4 Rac8 26. g4 Bd4 27. Bxd4 Qxd4 28. Qxd4 Nxd4 29. Kf2 b5 30. cxb5
Rc3 31. Rfd1 Rxa3 32. Ra1 Rxa1 33. Rxa1 Rb8 34. Rxa4 $2 {1/2-1/2 Pogorelov,
R-Franco,Z/Alcobendas op 1994 (60)} (34. b6 Rxb6 35. Rxa4 $14)) 17... Qd8 18.
Nd4 (18. Nc3 Be5 (18... Qc7 19. Bf1 b6 20. Nd5 Qb7 21. Bg5 Bxd5 22. exd5 Re8
23. Re1 Qc7 24. h4 e5 25. dxe6 Rxe6 26. Rbd1 $16 {1-0 Kudrin,S-Velimirovic,D/
Thessaloniki olm 1988 (50)}) 19. Bf1 e6 20. Nb5 Bxb5 21. cxb5 Qe7 22. Bg5 Qc7
23. Kh1 f6 24. Be3 f5 25. Bc4 $16 {1-0 Kudrin,S-Haik,A/Marseille 1987 (34)}) (
18. Kh1 Qf8 19. Nc3 b6 20. a3 Rab8 21. Bf1 h5 22. Nd5 Rb7 23. b4 axb4 24. axb4
Nd7 25. c5 b5 (25... bxc5 26. Ba6 $16) 26. Bg5 f6 27. cxd6 exd6 28. Be3 $16 {
1-0 Greenfeld,A-Bruk,O/ISR-ch 1992 (39)}) 18... Qf8 19. a3 (19. Bf1 {>=}) 19...
Bd7 (19... Bf6 $2 20. b4 axb4 21. axb4 Ne6 22. Nxe6 fxe6 23. b5 Be8 24. f4 $16)
20. b4 axb4 21. axb4 Ne6 $10 {0-1 Jansa,V-Petursson,M/Naestved 1988 (40)  1/
2-1/2 Krasenkov,M-Kirov,N/Palma de Mallorca GMA 1989 0-1 Jansa,V-Petursson,M/
Naestved 1988}) 8. Qxd4 Bg7 9. Be3 (9. Bg5 $5 O-O 10. Qd2 Be6 11. Rc1 Qa5 12.
f3 Rfc8 13. b3 a6 14. Na4 Qxd2+ 15. Kxd2 Nd7 16. g4 $14) 9... O-O 10. Qd2 Bd7
$6 {If Black wants to play this system with8 ..Bc6 and ..Nc5, he wins one
tempo, if he plays the variation with 7...Bg7 instead of 7...Nxd4..} (10... Be6
{main line} 11. O-O Qa5 12. Rac1 Rfc8 13. f3 a6 14. b3 b5 $11) 11. O-O a5 12.
b3 Bc6 13. f3 Nd7 14. Rab1 Nc5 15. Rfc1 {The white R is already on c1 and not
still on f1.  7....Bg7 is more exact than 7...Nxd4.} e6 (15... Qb6 {Petursson}
16. Nb5 $14) 16. Nb5 Be5 17. Rd1 $6 {Baburin: I do not think that White should
allow the forthcoming complications.} (17. Bg5 Qb6 18. Kh1 $14) ({Baburin:
Perhaps, it was time to challenge the powerful e5-bishop, for example by} 17.
Bd4 {Baburin,A}) (17. Bf2 {Petursson} f5 $5 $13) 17... Qh4 $1 18. g3 (18. h3 $5
Bxb5 (18... Qg3 19. Nxd6 b6 20. Nb5 f5 21. exf5 exf5 22. Kf1 Ne4 23. Qe1 Qh2 (
23... Bxb5 24. cxb5 Nc3 25. Qxg3 Bxg3 26. Bc4+ $18) 24. Bg1 (24. Bd3 Qh1+ (
24... Ng3+ 25. Kf2 Ne4+ $11) 25. Bg1 Bg3 (25... Ng3+ 26. Kf2 Rae8 27. Qe3 Ne4+
28. Kf1 (28. fxe4 fxe4+ $19) (28. Bxe4 fxe4 $19) 28... Bg3 $1 29. Qxb6 Bf2 30.
Qxf2 (30. Qxc6 Qxg1+ 31. Ke2 Nc3+ 32. Kd2 Nxb1+ 33. Bxb1 Be3+ 34. Kc2 Qxg2+ $19
) 30... Nxf2 31. Kxf2 Rd8 32. Be2 Rfe8 33. Rxd8 Rxd8 34. Rd1 Rxd1 35. Bxd1 h5
36. Nd4 Bd7 37. f4 $16 {[%csl Rh1]}) 26. Bxe4 Bxe1 27. Bxc6 Bg3 28. Bd5+ Kh8
29. Bxa8 Rxa8 30. Rd7 Bh2 31. Kf2 $11)) (18... Bxb5 {Petursson} 19. cxb5 Qg3
$17)) 18... Bxg3 19. hxg3 Qxg3+ {Baburin: Obviously White foresaw this
position when he played 17 Rb1?, but he underestimated the danger. The black
queen is very active and as soon as Black demolishes the e4-pawn, his bishop
and knight join the attack. Now Black has a guaranteed draw, but he is
justified in trying for more.} 20. Kh1 $6 (20. Kf1 f5 (20... Nxe4 21. fxe4 Bxe4
(21... f5 {Baburin,A} 22. Bf2 fxe4 $19 {Baburin: with devastating effect.} (
22... fxe4 {Petursson} 23. Bg4 Qxg4 24. Nxd6 Rxf2+ 25. Qxf2 Rf8 $19)) 22. Bd3
Qh3+ 23. Ke1 Qh1+ 24. Bf1 Bxb1 25. Rxb1 $16) (20... Qh3+ 21. Ke1 Qh1+ 22. Bf1 (
22. Kf2 $11) 22... Qxf3 23. Bg2 (23. Nxd6 Nxe4 24. Nxe4 Bxe4 25. Rb2 Rad8 26.
Qe2 Rxd1+ 27. Kxd1 $14) 23... Qg3+ 24. Qf2 Qxf2+ 25. Bxf2 Nxe4 26. Bxe4 Bxe4
27. Rb2 d5 28. Nd6 $14) 21. Qxd6 $18) 20... Nxe4 $40 21. Qd3 $8 ({Baburin:
After} 21. Qb2 {Black maintains a dangerous attack by playing} f5 $1 (21...
Qh3+ 22. Kg1 Ng3 23. Nd4) 22. Nd4 f4 23. Bg1 (23. Nxc6 Qh4+ 24. Kg2 fxe3 $19 (
24... fxe3 {Petursson} 25. Ne7+ Qxe7 26. fxe4 Rf2+ $19)) 23... Qh3+ 24. Bh2
Nf2+ 25. Kg1 Nxd1 26. Rxd1 e5 $17) 21... Qh3+ (21... Nf6 $1 {Petursson
Petursson: The simplest!} 22. Rd2 Ng4 23. Bd1 Bxf3+ 24. Bxf3 Qxf3+ 25. Kg1 Nxe3
$19) 22. Kg1 Ng3 23. Nd4 $4 {Petursson: Returning the favour} (23. Kf2 $142 $1
Qh2+ (23... a4 24. b4 d5 25. cxd5 Bxd5 26. Nc3 Rad8 27. Bb6 Rc8 28. Nxd5 exd5
29. Rb2 $132 (29. Rg1 Qh2+ 30. Rg2 Nh1+ 31. Kf1 Ng3+ 32. Kf2 $11) 29... Qh2+
30. Ke1 Nxe2 31. Rxe2 Qh4+ 32. Bf2 Qxb4+ 33. Kf1 $132) 24. Ke1 a4 25. b4 Bxb5
26. cxb5 Rfc8 27. Rb2 $132) ({Baburin: White misses the best defence -} 23. Kf2
$1 {Baburin,A Baburin: when Black has to work hard to prove his advantage.}) {
[%tqu "En","","","","c6e4","",10]} 23... Be4 $3 $19 {Second time in the same
square!} 24. fxe4 (24. Qd2 {Petursson} e5 $5 (24... Bxb1 25. Rxb1 Qh1+ 26. Kf2
Qxb1 27. Kxg3 a4 28. b4 Qh1 29. Nb5 $17) 25. Nc2 f5 26. Bd3 Bxf3 27. Qh2 Qg4
$19) 24... Qh1+ 25. Kf2 Nxe4+ 26. Qxe4 Qxe4 {Baburin: Black has simply too
many pawns in addition to a queen.} 27. Bf3 Qh4+ 28. Kg2 a4 (28... Qe7 $19) 29.
b4 Rac8 30. Rbc1 d5 (30... e5 $19) 31. cxd5 exd5 32. Rc5 (32. Bxd5 {Petursson}
Rxc1 33. Rxc1 Rd8 $19) 32... Qe7 33. Bf2 b6 34. Rb5 Rc4 35. Kf1 Qd6 36. Rxd5
Qxb4 37. Rd7 Qa3 38. Bd5 (38. Kg2 Rc1 39. Rd2 Rb1 $19) 38... Qh3+ 0-1

[Event "Europe-Americas"]
[Site "Mermaid Beach"]
[Date "1998.01.26"]
[Round "1"]
[White "Shabalov, Alexander"]
[Black "Georgiev, Vladimir"]
[Result "0-1"]
[WhiteElo "2615"]
[BlackElo "2565"]
[Annotator "Tsesarsky,I"]
[PlyCount "76"]
[EventDate "1998.01.26"]
[EventType "schev"]
[EventRounds "10"]
[EventCountry "BER"]
[SourceTitle "CBM 062 Extra"]
[Source "ChessBase"]
[SourceDate "1998.03.09"]
[SourceVersion "1"]
[SourceVersionDate "1998.03.09"]
[SourceQuality "1"]

{[%mdl 12364]} 1. e4 c5 2. Nf3 Nc6 3. d4 cxd4 4. Nxd4 g6 5. c4 Bg7 6. Be3 d6 7.
Nc3 Nh6 8. h3 f5 9. c5 $6 $146 (9. exf5 Nxf5 10. Nxf5 Bxf5 11. Qd2 Qa5 12. Rc1
O-O 13. Be2 (13. b3 Rac8 14. Be2 Kh8 15. O-O Rf7 16. Rfd1 Rcf8 17. Nb5 Qxd2 18.
Rxd2 a6 19. Nc3 $14 {1-0 Marjanovic,S-Cuartas,C/Dortmund 1982 (51)}) 13... Rac8
14. O-O a6 15. Rfd1 Kh8 16. b3 Qa3 (16... Ne5 17. Bd4 Nc6 18. Bxg7+ Kxg7 19.
Re1 Bd7 20. Qb2 Qg5 21. Nd5+ e5 22. Rc3 $16 {1-0 Timoshenko,G-Afifi,A/GM B,
Cairo EGY 1997 (35)}) 17. Bb6 $6 (17. Re1 $14) (17. Bf3 $14) 17... Qb4 18. Be3
Rf7 (18... Qa3) 19. Qb2 Be6 20. a3 $14 {1-0 Qi Jingxuan-Larsen,B/Bled/Portoroz
1979 (52)}) (9. Bxh6 $2 Bxd4 $1 10. Bd3 (10. Qd2 Qa5 11. Nb5 Qxd2+ 12. Kxd2 Bb6
13. exf5 Bxf5 14. Re1 $132) 10... Qb6 11. Qe2 (11. Qd2 $5) 11... Bxc3+ (11...
Ne5 $6 12. O-O Bxc3 13. bxc3 Qc6 {1/2-1/2 Huebner,R-Ljubojevic,L/Brussels +++
1987}) 12. bxc3 Qa5 $15) 9... Bxd4 $1 $15 (9... dxc5 $5 10. Nxc6 Qxd1+ 11. Rxd1
bxc6 $132) (9... Nxd4 $2 10. Bxh6 $1 (10. Bxd4) 10... Bf6 (10... Bxh6 11. Qxd4
$16) 11. cxd6 Qxd6 12. Bd3 $14) 10. Bxd4 (10. Bxh6 Bxc5 $17) 10... e5 $8 11.
Be3 $8 f4 $8 12. Bd2 (12. Bc1 dxc5 $15) 12... dxc5 13. g3 (13. Bc4 Nd4 14. Rc1
(14. O-O Bd7 $5 (14... Be6 15. Bxe6 Nxe6 16. Qb3 (16. Qa4+ Qd7 17. Qxd7+ Kxd7
18. Rfd1 Nd4 $15) 16... Qb6 17. Qa4+ (17. Qxb6 axb6 18. Nd5 b5 $15) 17... Qc6
18. Qxc6+ bxc6 $44) 15. a4 (15. Nd5 b5 $15) 15... Qg5 16. Kh2 O-O-O $15) 14...
Nf7 (14... Qg5 15. g3 $132) 15. Qa4+ Bd7 16. Bxf7+ Kxf7 17. Qc4+ Ne6 $15) 13...
O-O (13... fxg3 14. fxg3 (14. Bxh6 $2 gxf2+ 15. Ke2 (15. Kxf2 Qh4+ $19) 15...
Nd4+ $19) 14... Nf7 $15) 14. gxf4 exf4 15. Bc4+ Kg7 (15... Nf7 $2 16. Bxf4 Nd4
17. Qd3 $132) 16. Ne2 $6 (16. Nd5 $5 Nf7 17. Bxf4 Nfe5 $15) 16... Nf7 (16...
Ne5 $2 17. Bc3 Qf6 18. Qd5 Re8 19. Qxc5 $132) 17. Bc3+ Nfe5 $2 (17... Kh6 $1
18. Qxd8 (18. Qc1 Qh4 $17) (18. Bd2 $2 Nfe5 19. Bd5 Nd3+ 20. Kf1 Qh4 $19) (18.
Bd5 Nfe5 $17) 18... Ncxd8 19. Bd5 (19. Nxf4 Nd6 20. Bd5 Rxf4 21. Bd2 g5 $17)
19... Ng5 20. e5 Be6 $15) 18. Qxd8 $8 $14 Rxd8 19. Bd5 (19. Nxf4 $1 Kh6 (19...
Nd4 $8 20. Bd5 Kf6 (20... g5 21. Ne2 Nef3+ 22. Kf1 $14) 21. Rd1 Rb8 22. Kf1 $14
) 20. Be2 $14) 19... Kh6 (19... Kf8 20. Nxf4 g5 21. Bxc6 (21. Ne2 Nf3+ 22. Kf1
h5 23. Rd1 Be6 24. Kg2 Nh4+ $11) 21... Nxc6 22. Nd5 $14) 20. O-O-O (20. Nxf4 g5
(20... Rf8 21. Bxc6 Nf3+ (21... Nxc6 22. Nd5 $14) 22. Ke2 Rxf4 23. Ke3 (23. Bd5
Nd4+ 24. Bxd4 cxd4 25. Rad1 Be6 $3 26. Rxd4 Bxd5 27. Rxd5 Rxe4+ 28. Kf3 $11)
23... g5 24. Bd5 Nd4 25. Bxd4 cxd4+ 26. Kxd4 Rxf2 27. b4 $14) 21. Bxc6 (21. Ng2
Nf3+ 22. Kf1 Ne7 23. Rd1 Nxd5 24. exd5 Bf5 25. Ke2 Be4 $15) 21... Nxc6 22. Nd5
$14) 20... f3 (20... g5 $2 21. h4 Bg4 22. hxg5+ Kxg5 23. Rxh7 $1 Bxe2 (23...
Kg6 24. Rdh1 Bxe2 25. Bxc6 Rd1+ 26. Rxd1 Bxd1 27. Rxb7 Nxc6 28. Kxd1 $18) 24.
Rg1+ Bg4 (24... Kf6 25. Rf7#) 25. Bxc6 $18) 21. Nf4 $132 Nd4 22. Kb1 (22. Bxd4
cxd4 23. Rxd4 Kg5 24. Nd3 Kf6 25. Kd2 $14) 22... g5 $1 23. b4 $4 (23. Ne6 Bxe6
24. Bxe6 Nxe6 25. Bxe5 Kg6 $17) (23. Ba5 $1 Re8 24. Nd3 Nxd3 25. Rxd3 Re5 26.
Re3 $44 (26. Rhd1 Rxd5 27. exd5 Bf5 28. Kc1 Ne2+ 29. Kd2 Bxd3 30. Kxd3 b6 $15))
(23. Bxd4 cxd4 24. Ne6 (24. Nd3 $2 Rxd5 $1 25. exd5 Bf5 $19) 24... Bxe6 25.
Bxe6 d3 $17) 23... gxf4 $19 24. bxc5 Ndc6 (24... Rxd5 25. exd5 Bf5+ 26. Ka1 (
26. Kb2 Nc4+ 27. Ka1 Nc2+ 28. Kb1 N2e3+ 29. Kc1 Nxd1 $19) 26... Nc2+ 27. Kb2
Nd3+ 28. Kxc2 Nxf2+ 29. Kc1 Nxh1 30. Rxh1 Bd3 31. Rh2 Rc8 32. Bb4 (32. Bd4 Be4
33. d6 b6 34. d7 Rd8 35. Rd2 Rxd7 36. cxb6 axb6 37. Bxb6 Rb7 38. Rd6+ Kg5 39.
Kd2 Kh4 40. Re6 Rxb6 41. Rxb6 (41. Rxe4 Kg3 $19) 41... f2 42. Ke2 Kg3 $19)
32... a5 33. Ba3 b5 34. c6 b4 35. Bb2 Be4 36. Be5 Kg5 $19) 25. Rhg1 Rb8 26. Kc2
Re8 27. h4 Ng4 28. Bf7 Rd8 29. Rxd8 (29. Bd5 Ne7 $19) 29... Nxd8 30. Bd5 Kh5
31. Rb1 Bd7 32. Ba5 Ne6 33. c6 Nd4+ 34. Kc3 Nxc6 35. Bf7+ Kh6 36. Bc7 Rf8 37.
Bd5 b6 38. Rb5 Ne7 0-1